Encyclopedia of Human Resource Management

Guardado en:
Detalles Bibliográficos
Otros Autores: Wilkinson, Adrian, Johnstone, Stewart
Formato: Libro
Lenguaje:inglés
Publicado: Cheltenham Edward Elgar 2017
Materias:
Etiquetas: Agregar Etiqueta
Sin Etiquetas, Sea el primero en etiquetar este registro!

MARC

LEADER 00000nam a2200000 4500
001 0248888
005 20240221115855.8
020 |a 978-1-78811-326-7 
041 0 |a eng 
044 |a GB 
245 1 0 |a Encyclopedia of Human Resource Management  |c Edited by: Adrian Wilkinson, Stewart Johnstone 
264 1 |a Cheltenham  |b Edward Elgar  |c 2017 
300 |a 516 s. 
610 2 0 |a riadenie ľudských zdrojov 
610 2 0 |a modely 
610 2 0 |a testy 
610 2 0 |a práca 
610 2 0 |a čas pracovný 
610 2 0 |a sily pracovné 
610 2 0 |a vyjednávanie 
610 2 0 |a zamestnanci 
610 2 0 |a trh práce 
610 2 0 |a výhody konkurenčné 
610 2 0 |a miesta pracovné 
610 2 0 |a financie 
610 2 0 |a kultúra podniková 
700 1 |a Wilkinson, Adrian 
700 1 |a Johnstone, Stewart